| 000 | 01046nam a2200253 i 4500 | ||
|---|---|---|---|
| 001 | 190786 | ||
| 003 | ES-MaACL | ||
| 005 | 20240203121506.0 | ||
| 008 | 220707s2016 sp a 001 0aspa | ||
| 020 | _a978-84-16938-10-0 | ||
| 080 | _a929 Manaut Viglietti, José | ||
| 100 | 1 |
_aManaut Viglietti, José ( _d1898-1971) _975913 |
|
| 245 | 1 | 4 |
_aLas horas muertas : _bdiarios de José Manaut Viglietti : Madrid, 1939-1944 / _cFederico Castro Morales, Eduardo González Calleja, eds. |
| 246 | 3 |
_aDiarios de José Manaut Viglietti : _bMadrid, 1939-1944 |
|
| 260 |
_aMadrid : _bBiblioteca Nueva, _c[2016] |
||
| 300 |
_a493 p. : _bil. col. y n. ; _c25 cm. |
||
| 596 | _aEn verso de port.: Asociación de Amigos del Pintor Manaut | ||
| 600 | 1 | 4 |
_aManaut Viglietti, José ( _d1898-1971) _975913 |
| 700 | 1 |
_aCastro Morales, Federico. _9147388 |
|
| 700 | 1 |
_aGonzález Calleja, Eduardo. _958482 |
|
| 852 | 4 |
_aES-MaACL _jA-15008 _9 197969 _bR.153343 _cDEPO1 _dOlim: N-8008 _hDonación: Editorial _x Enc. cart. |
|
| 942 | _2udc | ||
| 999 |
_c190786 _d190786 |
||